[Event "Barcelona Sant Marti op-B 22nd"]
[Site "Barcelona"]
[Date "2022.07.20"]
[Round "8"]
[White "Salazar Navas, Josep"]
[Black "Calafell Marques, Josep"]
[Result "1-0"]
[WhiteElo "1556"]
[BlackElo "1708"]
[PlyCount "69"]
[EventDate "2022.07.13"]
[EventType "swiss"]
[EventRounds "9"]
[EventCountry "ESP"]
[SourceTitle "CBM 210 Extra"]
[Source "ChessBase"]
[SourceDate "2022.11.30"]
[SourceVersion "1"]
[SourceVersionDate "2022.11.30"]
[SourceQuality "1"]

1. e4 c5 2. Nc3 Nf6 3. e5 Ng8 4. Nf3 Nc6 5. Bb5 e6 6. 0-0 Qc7 7. Bxc6 dxc6 8. d3 Ne7 9. Bf4 Nd5 10. Qd2 Be7 11. Ne4 Bd7 12. c4 Nxf4 13. Qxf4 0-0 14. Qg4 f5 15. exf6 Bxf6 16. Nxc5 Bxb2 17. Rab1 Rf4 18. Qg3 b6 19. Nxd7 Bc3 20. d4 Rd8 21. Nfe5 Bxd4 22. Qxf4 Rxd7 23. Nd3 e5 24. Qe4 c5 25. Rbd1 Rf7 26. Qd5 h6 27. Rfe1 Kh7 28. Re2 Rf5 29. Qe4 g6 30. g4 Rf6 31. Nxe5 Re6 32. Qd5 Rxe5 33. Rxe5 Bxe5 34. Qd7+ Kg8 35. Qe8+ 1-0

[Event "Barcelona Sant Marti op-B 22nd"]
[Site "Barcelona"]
[Date "2022.07.19"]
[Round "7"]
[White "Calafell Marques, Josep"]
[Black "Abascal Vicente, Ignacio"]
[Result "1-0"]
[WhiteElo "1708"]
[BlackElo "1553"]
[PlyCount "43"]
[EventDate "2022.07.13"]
[EventType "swiss"]
[EventRounds "9"]
[EventCountry "ESP"]
[SourceTitle "CBM 210 Extra"]
[Source "ChessBase"]
[SourceDate "2022.11.30"]
[SourceVersion "1"]
[SourceVersionDate "2022.11.30"]
[SourceQuality "1"]

1. e4 e5 2. Nf3 Nc6 3. Bb5 a6 4. Bxc6 dxc6 5. 0-0 f6 6. h3 Be6 7. d4 exd4 8. Nxd4 Bf7 9. Nc3 Qd7 10. Be3 0-0-0 11. Qf3 Bb4 12. a3 Bxc3 13. bxc3 Ne7 14. Rfd1 Qe8 15. Qg4+ Kb8 16. Qxg7 Bg6 17. Ne6 Rd6 18. Rxd6 cxd6 19. Bf4 Ka7 20. Bxd6 Nc8 21. Bc5+ Kb8 22. Qxf6 1-0

[Event "Barcelona Sant Marti op-B 22nd"]
[Site "Barcelona"]
[Date "2022.07.14"]
[Round "2"]
[White "Calafell Marques, Josep"]
[Black "Le Blevec, Yelisey"]
[Result "1-0"]
[WhiteElo "1708"]
[BlackElo "1421"]
[PlyCount "71"]
[EventDate "2022.07.13"]
[EventType "swiss"]
[EventRounds "9"]
[EventCountry "ESP"]
[SourceTitle "CBM 210 Extra"]
[Source "ChessBase"]
[SourceDate "2022.11.30"]
[SourceVersion "1"]
[SourceVersionDate "2022.11.30"]
[SourceQuality "1"]

1. e4 e5 2. Nf3 Nf6 3. d4 Nxe4 4. dxe5 d5 5. exd6 Nxd6 6. Bd3 Be7 7. 0-0 0-0 8. Nc3 Nc6 9. Nd5 Bg4 10. Nxe7+ Qxe7 11. h3 Bh5 12. Bf4 Rad8 13. Re1 Qd7 14. Bxh7+ Kh8 15. Bd3 Qc8 16. Kh2 Nd4 17. Re5 Nxf3+ 18. gxf3 Bg6 19. Qg1 Nf5 20. Bxf5 Bxf5 21. Qg5 Bg6 22. Rg1 Rde8 23. h4 Qd7 24. Rxe8 Rxe8 25. h5 Re2 26. Rg2 Qd4 27. hxg6 fxg6 28. Be3 Qd6+ 29. Kh3 Re1 30. Rh2 Rd1 31. Qf4 Qe6+ 32. Kg2+ Kg8 33. Qxc7 Rd7 34. Qb8+ Kf7 35. Qf4+ Ke7 36. Bc5+ 1-0

[Event "Barcelona Sant Marti op-B 21st"]
[Site "Barcelona"]
[Date "2019.07.20"]
[Round "8"]
[White "Moncunill Calvet, Pol"]
[Black "Calafell Marques, Josep"]
[Result "1-0"]
[WhiteElo "1595"]
[BlackElo "1785"]
[PlyCount "81"]
[EventDate "2019.07.13"]
[EventType "swiss"]
[EventRounds "9"]
[EventCountry "ESP"]
[SourceTitle "EXT 2020"]
[Source "ChessBase"]
[SourceDate "2019.10.17"]
[SourceVersion "1"]
[SourceVersionDate "2019.10.17"]
[SourceQuality "1"]

1. e4 c5 2. Nc3 d6 3. g3 Nf6 4. Bg2 Nc6 5. f4 e5 6. d3 Bg4 7. Nf3 Nd4 8. h3 Bxf3 9. Bxf3 Nxf3+ 10. Qxf3 Qd7 11. Be3 Be7 12. f5 b5 13. g4 b4 14. Ne2 h6 15. h4 h5 16. gxh5 Nxh5 17. Ng3 Nxg3 18. Qxg3 0-0-0 19. a3 b3 20. Rc1 Qb5 21. Bf2 bxc2 22. Rxc2 Qb3 23. Kd2 Bf6 24. Qg4 Kb7 25. Rb1 Rh7 26. Rc3 Qa2 27. Qd1 Kc7 28. Rb3 Rb8 29. Rxb8 Kxb8 30. Kc3 Bxh4 31. Bxh4 f6 32. Bf2 Rh2 33. Be3 Rh3 34. Bd2 c4 35. Kb4 Rxd3 36. Ka4 Kb7 37. Rc1 Qxb2 38. Bc3 Rxc3 39. Qd5+ Kc7 40. Qa5+ Kc6 41. Rxc3 1-0

[Event "Barcelona Sant Marti op-B 19th"]
[Site "Barcelona"]
[Date "2017.07.15"]
[Round "3"]
[White "Cano Sevilla, Ivan"]
[Black "Calafell Marques, Josep"]
[Result "0-1"]
[WhiteElo "1904"]
[BlackElo "1762"]
[PlyCount "54"]
[EventDate "2017.07.13"]
[EventType "swiss"]
[EventRounds "9"]
[EventCountry "ESP"]
[SourceTitle "EXT 2018"]
[Source "ChessBase"]
[SourceDate "2017.10.13"]
[SourceVersion "1"]
[SourceVersionDate "2017.10.13"]
[SourceQuality "1"]

1. b4 e5 2. Bb2 Bxb4 3. Bxe5 Nf6 4. c4 Nc6 5. Bb2 0-0 6. Nf3 d6 7. e3 Re8 8. Be2 Ne5 9. 0-0 c6 10. d4 Nxf3+ 11. Bxf3 d5 12. cxd5 Nxd5 13. Qb3 Bd6 14. g3 Bh3 15. Bg2 Bxg2 16. Kxg2 Qd7 17. Nd2 Re6 18. e4 Rh6 19. exd5 Qh3+ 20. Kf3 Re8 21. Ne4 Qf5+ 22. Kg2 Rxe4 23. Qxb7 Qh3+ 24. Kf3 Qg4+ 25. Kg2 Rxh2+ 26. Kg1 Qh3 27. Qc8+ Qxc8 0-1

[Event "Barcelona Catalunya op 26th"]
[Site "Barcelona"]
[Date "2014.10.11"]
[Round "3"]
[White "Rodriguez Batuecas, Jordi"]
[Black "Calafell Marques, Josep"]
[Result "0-1"]
[WhiteElo "1843"]
[BlackElo "1950"]
[PlyCount "122"]
[EventDate "2014.09.27"]
[EventType "swiss"]
[EventRounds "9"]
[EventCountry "ESP"]
[SourceTitle "EXT 2017"]
[Source "ChessBase"]
[SourceDate "2016.10.25"]
[SourceVersion "1"]
[SourceVersionDate "2016.10.25"]
[SourceQuality "1"]

1. e4 c5 2. Nc3 d6 3. g3 Nc6 4. Bg2 Nf6 5. Nf3 Bg4 6. d3 e5 7. Bg5 Nd4 8. Nd5 Be7 9. Nxe7 Qxe7 10. c3 Nxf3+ 11. Bxf3 Bd7 12. Bg2 h6 13. Bxf6 Qxf6 14. Qd2 0-0 15. 0-0 Qg5 16. Qxg5 hxg5 17. a3 Rfd8 18. Rfe1 Rac8 19. f3 Rc7 20. Kf2 Ba4 21. Rh1 d5 22. Rae1 dxe4 23. Rxe4 Bc2 24. Rxe5 Rxd3 25. Rhe1 f6 26. R5e3 Rd6 27. Bh3 f5 28. Bf1 c4 29. Re7 Rd2+ 30. R1e2 Rxe2+ 31. Rxe2 Bd3 32. Re8+ Kf7 33. Rd8 Ke7 34. Rd4 Bxf1 35. Kxf1 Ke6 36. Kf2 b5 37. h4 gxh4 38. Rxh4 Rd7 39. Ke2 Rd3 40. Rh8 g5 41. Ra8 f4 42. gxf4 gxf4 43. Re8+ Kf6 44. Re4 Kf5 45. Re7 a6 46. Re4 Rd6 47. Kf2 Rh6 48. Kg2 Rd6 49. Kf2 Rd3 50. Re8 Rd2+ 51. Re2 Rd1 52. Kg2 Rc1 53. Kf2 a5 54. Rd2 Ke5 55. Re2+ Kd5 56. Rd2+ Kc5 57. Ke2 b4 58. cxb4+ axb4 59. axb4+ Kxb4 60. Rd1 Rc2+ 61. Rd2 Kb3 0-1